00733nam a2200169Ia 4500008004100000020001800041050002200059082001900081100002800100245004500128260004500173300004200218505023400260650000800494650003100502650003000533120629s2009 mx a 000 0 spa d a9786077686156 aTK5105bS394 2009 a001.64 bS388d aSchulz, Ralph G.eautor aDiseño Web con CSSc / Ralph G. Schulz aMéxico b : Alfaomega Mracomboc, 2009 axiv, 304 páginas b : ilustraciones a¿Por qué CSS? Fundamentos CSS Conceptos CSS para cuadros y sus propieedades Construcción de páginas WEB Más trabajo con los navegadores Diseño de páginas Elementos de página (No solo) generealidades Propiedades CSS10aCSS20aHOJAS DE ESTILO EN CASCADA30aDISEÑO DE PÁGINAS WEB